Hidden Planes On Google Earth #1 - Statistics

General Stats
  • This quiz has been taken 6 times
    4 since last reset
  • The average score is 1 of 16
Answer Stats
Picture Answer % Correct
MH370
100%
Boeing 828
33%
Air canada Flight 546
0%
Air Ethiad Flight 441
0%
American Flight 234
0%
Boeing 100
0%
Boeing 233
0%
Boeing 567438
0%
Boeing 776
0%
Cesna 334 Flight 778
0%
Cessna 182 Flight 447
0%
King B200 Flight 656
0%
MH17
0%
Pegasus Flight 7777
0%
RyanAir Flight 666
0%
United Airlines Flight 22123
0%
No matching quizzes found
Score Distribution
Percent of People with Each Score
Percentile by Number Answered
Your Score History
You have not taken this quiz since the last reset